000 00457nam a2200157Ia 4500
003 LDD
008 190117s9999 xx 000 0 und d
020 _c₹26
040 _cLDD
041 _ahi
100 _aनगेन्द्र
245 0 _aकामायनी के अध्ययन की समस्याएँ
_cनगेन्द्र
260 _aनई दिल्ली
_bनेशनल
_c1987
300 _a61
942 _2ddc
_cH
999 _c161887
_d161887